Pyrrhic Progress (Record no. 24648)
[ view plain ]
| 000 -LEADER | |
|---|---|
| fixed length control field | 00581nam a2200133Ia 4500 |
| 008 - FIXED-LENGTH DATA ELEMENTS--GENERAL INFORMATION | |
| fixed length control field | 220620s9999||||xx |||||||||||||| ||und|| |
| 100 ## - MAIN ENTRY--PERSONAL NAME | |
| Personal name | Kirchhelle, Claas |
| 245 #0 - TITLE STATEMENT | |
| Title | Pyrrhic Progress |
| Remainder of title | The History of Antibiotics in Anglo-American Food Production |
| 546 ## - LANGUAGE NOTE | |
| Language note | English[eng] |
| 650 ## - SUBJECT ADDED ENTRY--TOPICAL TERM | |
| Topical term or geographic name entry element | Anti Bacterial Agents||Antibiotic||food production||United States||United Kingdom||history||legislation drug||Drug resistance||microbial |
| 700 ## - ADDED ENTRY--PERSONAL NAME | |
| Personal name | Golden, Janet||Apple, Rina D. |
| 856 ## - ELECTRONIC LOCATION AND ACCESS | |
| Uniform Resource Identifier | <a href="https://library.oapen.org/bitstream/20.500.12657/22408/1/Bookshelf_NBK554200.pdf">https://library.oapen.org/bitstream/20.500.12657/22408/1/Bookshelf_NBK554200.pdf</a> |
| 942 ## - ADDED ENTRY ELEMENTS (KOHA) | |
| Koha item type | E-Books |
| Withdrawn status | Lost status | Damaged status | Not for loan | Home library | Current library | Date acquired | Total Checkouts | Date last seen | Price effective from | Koha item type |
|---|---|---|---|---|---|---|---|---|---|---|
| Kerala University of Digital Sciences, Innovation and Technology Knowledge Centre | Kerala University of Digital Sciences, Innovation and Technology Knowledge Centre | 20/06/2022 | 20/06/2022 | 20/06/2022 | E-Books |